000 00645nam a2200169 4500
999 _c8775
_d8775
008 180221b xxu||||| |||| 00| 0 eng d
022 _a0091-4169
082 _aDPer 364.05 J82 2015, v. 105 n. 2
100 _926696
_aMeares, Tracey L.
245 _aLawful or fair? How cops and laypeople perceive good policing/
_cTracey L. Meares, Tom R. Tyler and Jacob Gardener.
260 _aEvanston:
_bNorthwestern University Press,
_c ©2016.
300 _av106 n.1, pages 297-344;
_c25 cm.
650 0 _926697
_aCriminal law
_vPeriodicals.
700 _926698
_aTyler, Tom R.
_eAuthor.
700 _926699
_aGardener, Jacob.
_eAuthor.
942 _2ddc
_cPER